Online Catalogue and eLibrary

Nation, Self and Citizenship: (Record no. 1561)

MARC details
000 -LEADER
fixed length control field 00565nam a2200181Ia 4500
005 - DATE AND TIME OF LATEST TRANSACTION
control field 20250109005837.0
008 - FIXED-LENGTH DATA ELEMENTS--GENERAL INFORMATION
fixed length control field 240331s9999 xx 000 0 und d
020 ## - INTERNATIONAL STANDARD BOOK NUMBER
ISBN 9718953019
082 ## - DDC Classification
Item Number - Author Mark RAN
DDC Edition Number 4665
Class No. 305.3
100 ## - MAIN ENTRY--PERSONAL NAME
Personal name David, R.S
245 #0 - TITLE STATEMENT
Title Nation, Self and Citizenship:
Remainder of title An Invitation to Philippine Sociology
260 ## - PUBLICATION, DISTRIBUTION, ETC.
Place of publication, distribution, etc. Quezon City
Name of publisher, distributor, etc. Department of Sociology, College of Social Sciences and Philosophy, University of the Philippines
Date of publication, distribution, etc. 2002
300 ## - PHYSICAL DESCRIPTION
Extent (e.g. Volumes, Pages etc.) xiii, 368 p.,
650 ## - SUBJECT ADDED ENTRY--TOPICAL TERM
Topical term or geographic name entry element Philippines
650 ## - SUBJECT ADDED ENTRY--TOPICAL TERM
Topical term or geographic name entry element Sociology
650 ## - SUBJECT ADDED ENTRY--TOPICAL TERM
Topical term or geographic name entry element Nation
942 ## - Koha item type (Biblio)
Koha item type Books in Stacks (Lending)
Holdings
Lost status Damaged status Collection code Home library Current library Shelving location Date acquired Full call number Accession Number Item type
    Lending WERC Library WERC Library Social Science Cupboard 03/31/2024 305.3 DAV 4665 Books in Stacks (Lending)

© WERC Library